000 01292nam a22003250a 4500
001 PT18879
003 AR-LpoUNG
005 20210131232833.0
008 191001s2004||||ag |||||||||||||||||spa d
020 _a987110572X
_c$9,16
040 _aAR-LpoUNG
_bspa
_cAR-LpoUNG
_eaacr
041 _aspa
044 _aag
082 0 _a982.064 977emp
100 1 _aPucciarelli, Alfredo R.
_ecoor.
245 1 0 _aEmpresarios tecnócratas y militares :
_bla trama corporativa de la última dictadura
250 _a1§ edición
260 _aBuenos Aires :
_bSiglo Veintiuno,
_c2004.
300 _a382 p. :
_btbls., gráfs., il.
520 _aPresenta una mirada diferente sobre la relación Estado y economía durante la última dictadura militar. A la vez, constituyen un examen de fenómenos y procesos destinado a definir la naturaleza de la amplia red corporativa tejida entre empresarios, tecnócratas, funcionarios, burócratas, militares y políticos que comandó el proceso de despojo y decadencia de la sociedad argentina de las décadas posteriores.
650 4 _aARGENTINA
650 4 _aASPECTOS POLITICOS
650 4 _aAUTORITARISMO
650 4 _aDICTADURA
650 4 _aECONOMIA
650 4 _aSISTEMAS POLITICOS
651 4 _aArgentina
905 _a18879
942 _cLIB
999 _c17763
_d17763